Strategies for global and regional ports : the case of Caribbean container and cruise ports

Αποθηκεύτηκε σε:
Λεπτομέρειες βιβλιογραφικής εγγραφής
Άλλοι συγγραφείς: Monie, Gustaaf de
Μορφή: Βιβλίο
Γλώσσα:English
Δημοσίευση: Boston, Mass. : Kluwer Academic, c1998
Θέματα:
Ετικέτες: Προσθήκη ετικέτας
Δεν υπάρχουν, Καταχωρήστε ετικέτα πρώτοι!

MARC

LEADER 00000cam a2200000 i 4500
001 1/8175
008 000626s1998 eng d
020 |a 0-7923-8431-8 
035 |l 10062577 
040 |a GR-MY-UA  |b gre  |e aacr 
041 0 |a eng 
082 0 |a 387.109729 
245 1 0 |a Strategies for global and regional ports :  |b the case of Caribbean container and cruise ports /  |c by Gustaaf de Monie ... [et al.] 
246 3 3 |a Case of Caribbean container and cruise ports 
260 |a Boston, Mass. :   |b Kluwer Academic,   |c c1998 
300 |a 241 p. (in various paging);  |b ill.;  |c 25 cm. 
504 |a Includes bibliographical references 
650 0 0 |a Harbors  |z Caribbean Area. 
650 0 0 |a Shipping  |z Caribbean Area. 
650 0 0 |a Containerization  |z Caribbean Area. 
700 1 |a Monie, Gustaaf de. 
852 |a INST  |b CHIOS  |e 20000626  |h 387.109729 STA  |p 005200017664  |q 005200017664  |t BK  |y 0 
901 |a BIBL2-2000-2 
909 |a Χ  |b 076043 
970 |z 2000/06/ΜΠΡΑΤΤΗΣ